01398 a2200205 45000010006000000050017000060080041000230030015000640400040000790800149001192450062002680200022003302500012003522640106003643000019004705050567004890410008010561000029010648560099010936365820260407155935.0260407a2025 arg spa dAR-UNSa-BCEJYS aAR-UNSa-BCEJYSbspacAR-UNSa-BCEJYS a340.12xTendencias en la teoría del derecho. Escuelas, doctrinas jurídicas. Filosofía del derecho. Teorías sobre el Estado y el derecho 10aLa guerra silenciosapLecturas de filosofía del derecho a978-950-23-2849-2 a2a. ed. 1aBuenos Aires :bUniversidad de Buenos Aires. Facultad de Derecho. Departamento de Publicacionesc2025 a562 p.c23 cm. aPrimera Parte: El discurso jurídico: sobre Carlos Alchourrón y Eugenio Bulygin o de cómo la mente lógica deviene política de poder e historia narrativa - Segunda Parte: El viejo cuento de la cooperación: Sobre Carlos Nino o de cómo todos los caminos conducen a la moralidad - Tercera Parte: La clave está en la práctica: sobre la teoría crítica del Derecho I - Cuarta Parte: El imperio del sentido: sobre Hans Kelsen o de cómo volver siempre sobre lo mismo - Quinta Parte: El sujeto de derecho: sobre la teoría crítica del derecho II. aspa1 aCorti, Horacio Guillermo41uhttps://www.biblioeco.unsa.edu.ar/pmb/images/libros/L129423.jpgyImagen de portadaqimage/jpeg